Prescott & Dunna's Industrial Microbiology (Record no. 50622)

000 -LEADER
fixed length control field 00322nam a2200121Ia 4500
008 - FIXED-LENGTH DATA ELEMENTS--GENERAL INFORMATION
fixed length control field 260310s9999 xx 000 0 und d
100 ## - MAIN ENTRY--PERSONAL NAME
Personal name Reed, Gerald
245 #0 - TITLE STATEMENT
Title Prescott & Dunna's Industrial Microbiology
250 ## - EDITION STATEMENT
Edition statement 4th Edition
260 ## - PUBLICATION, DISTRIBUTION, ETC.
Place of publication, distribution, etc. New Delhi
Name of publisher, distributor, etc. CBS Pub. & Distributors
Date of publication, distribution, etc. 2004
300 ## - PHYSICAL DESCRIPTION
Extent 889p.
942 ## - ADDED ENTRY ELEMENTS (KOHA)
Koha item type Book
Holdings
Withdrawn status Lost status Damaged status Not for loan Collection code Permanent Location Current Location Date acquired Cost, normal purchase price Full call number Barcode Date last seen Price effective from Koha item type
        School of Pharmacy (Noida) MUIT-NOIDA MUIT-NOIDA 2026-03-10 795.00 581 REE/P SOP03185 2026-03-10 2026-03-10 Book

All Rights Reserved@MUIT

Powered by Koha